000 00557nam a22002057a 4500
001 BD-DhSAU 1585
003 BD-DhSAU
005 20150118125105.0
008 150118b1986 ii a|||| |||| 00| 0 eng d
040 _aBD-DhSAU
082 _222
_a310
_bSHS
100 _aShukla, M.C.
245 _aStatistics :
_bTheory and practice /
_cM.C. Shukla nd S.S. Gulshan
250 _a5th ed.
260 _aNew delhi :
_bS. Chand company ltd. ;
_cc1986.
300 _avii, 859 p.:
_bill. ;
_c22 cm.
590 _aIMRAN
650 _aStatistics
700 _aGulshan, S.S.
942 _2ddc
_cBOOK
999 _c1585
_d1585